00562nam a2200193 a 45000010005000000030009000050080041000140200015000550400028000700820016000982450041001142600062001553000008002174900045002256500015002706500022002856500031003076500030003389881CO-ViMGA141112s2004 ck r 000 u spa d a9589028233 aCO-ViMGAbspacCO-ViMGA04a923.286 B4610aBiografia de los Constituyentes 1886 aSantafé de Bogotá : bBanco de la República, c1886 a6v. aFormación de pensamiento y Educación14aBIOGRAFIAS14aCONSTITUCION 188614aCONSTITUYENTES COLOMBIANOS14aREFORMAS CONSTITUCIONALES